Rap francais - Dans quel son ? - Statistiques

Statistiques générales
  • Ce quiz a été pris 239 fois
  • Le résultat moyen est 3 sur 20
Statistiques - réponses
Phrase Rappeur Titre % Correct
3endi sem fi dem, gros loin de Gandhi, que des bandits dans le sound system. Ziak Fixette
68%
Branché n*gros j'ai les plugs, signe de gang comme les crips et les bloods Freeze corleone 7 sur 7
35%
J'ai les sens, la science, connaissance du truc, vide un chargeur après le boena sera. SCH Maanschaft
27%
J'aime la violence et voire le sang qui coule, entendre mes ennemis dire "pardon" sans leur pardonner, b*iser leur meuf en transmettant la chtouille. Damso Nwaar is the new black
27%
Arrête de boire, arrête la fume, tu vas perdre la vie ou perdre la vue, ici bas, le temps passe vite, t'auras 30 piges après ta clope SCH Ça ira
20%
Mes sentiments sont morts, ils sont pendus au bout d'une corde. Da uzi J'ai pris la route
13%
Je viens de là où des fils partent avant leur mère, je vais là où tous les billets sont verts, je sors du zoo, j'aime quand c'est animal. PNL Sheita
13%
Index en l'air sur la civière, crois-moi j'en au fait des douaas, de Reshla a celui de Saint-Pierre Soso Maness Les derniers marioles
10%
J'ai enterre mon père au bled sur le retour la douane a failli me pète, j'ai enterre mon père au bled alors vise ma tete, faut que j'cause avec Ziak Ronaldo
10%
J'gare la tesla, j'fume un joint couleur pesto et hop hop hop, majeure en l'air comme ses jambes. Guy2Bezbar 77%
8%
J'suis un phénomène comme Gotcho, dans mon phone j'ai l'numero d'Gorbatchev, trafiquant comme Pablo, par amour elle a mis la coke dans sa shn*k. Niska Chargé
7%
J'rêve que l'bénéf' m'harcèle, j'veux plus revoir la tour, la mentale sevranaise, très jeune sur l'terrain d'bédo. Da Uzi Du nord au sud
5%
On a pris l'habitude de marcher gantés, la drogue transite vite dans la cité. Key Largo Merco Benz
5%
Chaque jours suffit sa peine, chaque jours poto on pèche, on pote pas de survet' peau de pêche, c'est la calle ensemble de foot, TN Malty 2BZ Dans nos blocks
4%
J'veux pas finir comme Pop Smoke, abattu tard la nuit, tu sais je prie pour la paix, mais j'suis prêt pour la guerre et si on t'as rate c'est juste que c’était pas ton heure. Soso Maness Balance
3%
Pour devenir un boss faut dresser les maîtres. Denzo Trop dedans
3%
J'ai rempli des cahier, j'ai manger des cailloux, j'ai voulu racaillé, j'ai rien gagnée, walou. Guizmo C'est moi contre moi même
2%
C'est pas pour la gloire que j'l'ai fait mais j'crois que le vice de ces sal*pe il m'a eu. Koba LaD M Power
2%
Maintenant faut encaisser,la p*tain d'sa mère j'ai un casier, l'OPJ continue c'est mort j'vais pas parler, extinct dans la sacoche qui voudra avancer? Chicaille argenté Bonne barette
1%
J'peux compter mes proches mais pas mes péchés, les rôles s'inversent au final c'est toi qui pecho. Maes Freestyle OKLM
1%
Aucun quiz correspondant
Distribution des résultats
% des personnes avec chaque résultat
Percentile par nombre de réponses
Votre historique - résultats
Vous n’avez pas pris ce quiz